00601nam a2200181Ia 4500003000400000008004100004040001600045082001900061100003900080245012400119260006800243300001000311490000500321650001500326650003400341650002300375650002100398GCL140319s9999 xx 000 0 ara d aGCL / cGCL04a025.172bن ت1 aناصر محمد السويدان10aتعريب مصطلحات المكتبات والمعلومات وتوحيدها / cناصر محمد السويدان a[S.N] : bمكتبة الملك فهد الوطنية ، c1992 a92 ص a04aالعلم04aالترجمة العربية04aالمعلومات04aالمكتبات